| 000 | 00747nam a2200241 4500 | ||
|---|---|---|---|
| 003 | OSt | ||
| 005 | 20260530115308.0 | ||
| 008 | 260420b1972 sp |||| |||| 00| 0 spa d | ||
| 040 |
_aICI _bspa _cICI |
||
| 050 |
_aHT151 _bL43 |
||
| 100 | 1 |
_aLefebvre, Henri, _d1901-1991, _932429 |
|
| 240 | 1 | 3 |
_aLa révolution urbaine. _lEspañol |
| 245 | 1 | 3 |
_aLa Revolución Urbana _cHenri Lefebvre ; traductor Mario Nolla |
| 264 | 1 |
_bAlianza, _c1972 _aMadrid : |
|
| 300 | _a198 páginas | ||
| 336 |
_atexto _2rdacontent |
||
| 337 |
_asin medio _2rdamedia |
||
| 338 |
_avolumen _2rdacarrier |
||
| 490 | 0 |
_aColección el libro de bolsillo ; _v378 |
|
| 500 | _aReimpresiones: (2a, 1976) -- (3a, 1980) | ||
| 650 | 4 |
_aCiudades y pueblos _922758 |
|
| 942 |
_2lcc _cBK |
||
| 999 |
_c13221 _d13221 |
||